000 00321nam a22001457a 4500
008 230926b ||||| |||| 00| 0 eng d
020 _a9780534247805
041 _aeng
080 _a316
082 _a316LOF
100 _a24
101 _aSOCIOLO
245 _aANALYZING SOCIAL SETTINGS
_cLOFLAND.J
942 _2udc
_cBK
999 _c60401
_d60401